Tilastot visalle Valtioita neliöissä tyhjällä maailmankartalla

Klikkaa tästä pelataksesi tätä visaa!

Yleistilastot

  • Tätä visaa on pelattu 821 kertaa
  • Keskiarvotulos 120 / 127

Vastaukset kartalla

Vastauksille on annettu kartalla punavihreä väri sen mukaan, kuinka moni on saanut sen oikein.
 

Vastaustilastot

Neliö% Oikein
Dominikaaninen tasavalta | Yhdysvallat | Grenada | Trinidad ja Tobago | Antigua ja Barbuda | Saint Kitts ja Nevis | Saint Vincent ja Grenadiinit | Barbados | Venezuela | Alankomaat | Ranska | Saint Lucia | Dominica
99%
Kanada | Tanska
99%
Norja | Ruotsi | Suomi | Venäjä
99%
Norja | Ruotsi | Suomi | Venäjä | Viro | Latvia | Liettua | Valko-Venäjä | Ukraina | Puola | Tanska | Saksa
99%
Ukraina | Venäjä | Armenia | Georgia | Azerbaidžan | Turkki | Iran | Kazakstan
99%
Venäjä | Kazakstan | Kirgisia | Tadžikistan | Uzbekistan | Afganistan | Kiina | Mongolia
99%
Venäjä | Kazakstan | Turkmenistan | Tadžikistan | Uzbekistan | Iran | Kirgisia | Afganistan
99%
Venäjä | Kiina
99%
Venäjä | Kiina | Japani
99%
Venäjä | Kiina | Mongolia
99%
Venäjä | Kiina | Mongolia | Etelä-Korea | Pohjois-Korea
99%
Venäjä | Suomi | Valko-Venäjä | Ukraina | Kazakstan
99%
Yhdysvallat
99%
Yhdysvallat | Bahama
99%
Yhdysvallat | Kanada
99%
Yhdysvallat | Meksiko
99%
Australia | Vanuatu | Ranska
98%
Brasilia | Bolivia | Peru
98%
Brasilia | Paraguay | Argentiina | Chile | Bolivia | Peru
98%
Costa Rica | Panama | Kolumbia | Venezuela | Brasilia | Peru | Ecuador | Nicaragua
98%
Ecuador | Peru | Brasilia | Kolumbia | Bolivia
98%
Espanja | Portugali | Marokko | Mauritania | Algeria | Tunisia | Mali | Libya
98%
Intia | Bangladesh | Myanmar | Thaimaa | Laos | Kiina | Vietnam | Kambodža
98%
Irlanti | Yhdistynyt kuningaskunta | Belgia | Alankomaat | Saksa | Tanska | Norja
98%
Kanada
98%
Kiina | Bhutan | Bangladesh | Intia | Myanmar
98%
Kiina | Taiwan | Etelä-Korea | Japani
98%
Kolumbia | Venezuela | Brasilia | Guyana | Ranska | Trinidad ja Tobago | Suriname
98%
Kuuba | Bahama | Dominikaaninen tasavalta | Haiti | Jamaika | Belize | Guatemala | Honduras | El Salvador | Nicaragua | Costa Rica | Kolumbia | Venezuela | Alankomaat | Meksiko
98%
Portugali | Espanja | Ranska | Andorra | Monaco | Yhdistynyt kuningaskunta | Italia | Sveitsi | Liechtenstein | Itävalta | Saksa | Belgia | Alankomaat | Luxemburg
98%
Tadžikistan | Pakistan | Afganistan | Intia | Kiina | Nepal | Bangladesh | Bhutan
98%
Venäjä
98%
Venäjä | Kazakstan
98%
Venäjä | Mongolia
98%
Argentiina | Uruguay | Brasilia
97%
Australia
97%
Australia | Indonesia | Itä-Timor
97%
Australia | Indonesia | Papua-Uusi-Guinea
97%
Chile | Argentiina
97%
Chile | Argentiina | Yhdistynyt kuningaskunta
97%
Egypti | Sudan | Etelä-Sudan | Eritrea | Djibouti | Somalia | Etiopia | Saudi-Arabia | Jemen
97%
Iran | Turkmenistan | Afganistan | Pakistan | Tadžikistan | Uzbekistan | Qatar | Saudi-Arabia | Yhdistyneet arabiemiirikunnat | Oman | Intia
97%
Kenia | Tansania | Mosambik | Komorit | Madagaskar | Malawi | Sambia | Ranska
97%
Kiina | Taiwan | Filippiinit
97%
Libya | Egypti | Sudan | Tšad | Nigeria | Niger | Kamerun | Algeria | Keski-Afrikan tasavalta
97%
Meksiko | Guatemala | El Salvador | Belize
97%
Peru | Bolivia | Chile | Argentiina
97%
Saksa | Slovakia | Tšekki | Puola | Ukraina | Moldova | Romania | Bulgaria | Kreikka | Turkki | Pohjois-Makedonia | Italia | Vatikaanivaltio | San Marino | Slovenia | Itävalta | Unkari | Kroatia | Bosnia ja Hertsegovina | Albania | Montenegro | Kosovo | Serbia
97%
Saudi-Arabia | Yhdistyneet arabiemiirikunnat | Oman | Jemen | Intia | Pakistan
97%
Sudan | Etelä-Sudan | Etiopia | Kenia | Uganda | Tansania | Somalia | Kongon demokraattinen tasavalta
97%
Tanska | Islanti
97%
Tunisia | Italia | Malta | Kreikka | Turkki | Egypti | Libya | Algeria
97%
Turkki | Syyria | Kypros | Egypti | Israel | Libanon | Jordania | Saudi-Arabia | Kuwait | Irak | Iran | Bahrain | Qatar
97%
Brasilia
96%
Intia | Bangladesh
96%
Intia | Sri Lanka | Malediivit
96%
Islanti | Irlanti
96%
Malawi | Mosambik | Madagaskar | Zimbabwe | Swazimaa | Etelä-Afrikka
96%
Namibia | Angola | Sambia | Zimbabwe | Etelä-Afrikka | Lesotho | Botswana
96%
Sudan | Etelä-Sudan | Kongon demokraattinen tasavalta | Kongon tasavalta | Ruanda | Uganda | Keski-Afrikan tasavalta | Tšad | Kamerun | Nigeria | Gabon | Päiväntasaajan Guinea | Burundi | Tansania
96%
Etelä-Afrikka | Lesotho
95%
Meksiko
95%
Tanska
95%
Algeria | Mali | Mauritania | Guinea | Burkina Faso | Ghana | Togo | Benin | Nigeria | Niger
94%
Etelä-Afrikka
94%
Filippiinit | Brunei | Malesia | Indonesia
94%
Guinea | Liberia | Norsunluurannikko | Mali | Burkina Faso | Ghana | Togo | Benin | Nigeria | Kamerun | Gabon | São Tomé ja Príncipe | Päiväntasaajan Guinea
94%
Japani
94%
Marokko | Mauritania | Espanja
94%
Vietnam | Kambodža | Myanmar | Malesia | Thaimaa | Singapore | Indonesia
94%
Kap Verde | Marokko | Mauritania | Mali | Senegal | Gambia | Guinea | Guinea-Bissau
93%
Kongon tasavalta | Kongon demokraattinen tasavalta | Burundi | Ruanda | Tansania | Angola | Sambia | Zimbabwe | Mosambik | Gabon
93%
Palau | Mikronesia | Indonesia
93%
Portugali
93%
Indonesia
91%
Mikronesia | Nauru | Marshallinsaaret | Kiribati
88%
Kiribati | Tuvalu | Samoa | Fidži
85%
Uusi-Seelanti
83%
Mauritius | Ranska
82%
Papua-Uusi-Guinea | Salomonsaaret | Vanuatu
82%
Kiribati | Marshallinsaaret
79%
Somalia
79%
Guinea | Sierra Leone | Liberia
78%
Fidži | Tonga
76%
Kiribati
73%
Seychellit
72%
Marshallinsaaret
66%
Gabon
59%
Ecuador
55%

Tulosjakauma

Persentiili vastausten määrän mukaan

Jokaisen tuloksen saaneiden osuus

Tuloshistoriasi

Et ole pelannut tätä visaa